| 000 | 01063naa a22002657a 4500 | ||
|---|---|---|---|
| 001 | BR6200187 | ||
| 003 | BR-BrBNA | ||
| 005 | 20240918173244.0 | ||
| 007 | ta | ||
| 008 | 230509b bl.||||| |||| 00| 0 por d | ||
| 040 |
_aBR-BrBNA _bpor _cBiblioteca Nacional de Agricultura |
||
| 041 | _a(Pt) | ||
| 072 |
_aF00; H00; E15 _b/G514 |
||
| 090 | _aF00 BR6200187 | ||
| 100 | 1 | _aGomes, J.G. | |
| 111 | 1 |
_a7. Conferencia da FAO para America Latina _cRio de Janeiro, GB (Brazil) _d17 Nov 1962 |
|
| 245 | 1 | _aProducao e protecao agropecuaria [Brasil] | |
| 260 | 3 |
_aRio de Janeiro, GB (Brasil): _c1962. |
|
| 500 | _aDocumentos basicos da delegacao brasileira a 7. Conferencia da FAO para a America Latina Rio de Janeiro, GB (Brasil): 1962. p. 55-79 (BR6200187-AM)F00 | ||
| 650 | _aDEFESA VEGETAL | ||
| 650 | _aDESENVOLVIMENTO AGRICOLA | ||
| 773 | 0 |
_tDocumentos basicos da delegacao brasileira a 7. Conferencia da FAO para a America Latina _wF00 BR6200187 _gRio de Janeiro, GB (Brasil), 1962. p. 55-79 |
|
| 909 |
_a202404 _bLucia _c55 _dLucia Elande |
||
| 942 |
_cAM _2AGRIS |
||
| 999 |
_c303599 _d303599 |
||